书目信息 |
| 题名: |
问道
|
|
| 作者: | 张剑峰 主编 | |
| 分册: | ||
| 出版信息: | 西安 陕西师范大学出版社 2009.12 |
|
| 页数: | 226页 | |
| 开本: | 23cm | |
| 丛书名: | ||
| 单 册: | ||
| 中图分类: | Z126.27 | |
| 科图分类: | ||
| 主题词: | 国学--guo xue--中国--通俗读物 | |
| 电子资源: | ||
| ISBN: | 978-7-5613-4719-5 | |
| 000 | 00974nam0 2200241 450 | |
| 001 | 012010001164 | |
| 005 | 20100513102418.54 | |
| 010 | @a978-7-5613-4719-5@dCNY26.00 | |
| 100 | @a20100428d2009 em y0chiy0120 ea | |
| 101 | 0 | @achi |
| 102 | @aCN@b610000 | |
| 105 | @aa z 000yy | |
| 106 | @ar | |
| 200 | 1 | @a问道@Awen dao@f张剑峰主编@Fzhang jian feng zhu bian |
| 210 | @a西安@c陕西师范大学出版社@d2009.12 | |
| 215 | @a226页@c图@d23cm | |
| 330 | @a本书以文学的形式诠释国学,以现代视角解读中国传统文化。立足国学,针对当下人们心理需求,以儒、释、道及百家智慧为根本,涉及经济、历史、人文、地理、佛学、玄学、生命科学、认知科学、风水、天文、医学、百业等多方面。以鲜活的形式使国学从殿堂走向民间,让现代生活与中华民族元气对接,继承古人智慧为现在人们所用。 | |
| 516 | 1 | @a问道 4@Awen dao 4 |
| 606 | 0 | @a国学@Aguo xue@y中国@j通俗读物 |
| 690 | @aZ126.27@v4 | |
| 701 | 0 | @a张剑峰@Azhang jian feng@4主编 |
| 801 | 0 | @aCN@bQSSK@c20100513 |
| 905 | @b779334-36@dZ126.27@eZ121:4@f3 | |
| 问道/张剑峰主编.-西安:陕西师范大学出版社,2009.12 |
| 226页:图;23cm |
| ISBN 978-7-5613-4719-5:CNY26.00 |
| 本书以文学的形式诠释国学,以现代视角解读中国传统文化。立足国学,针对当下人们心理需求,以儒、释、道及百家智慧为根本,涉及经济、历史、人文、地理、佛学、玄学、生命科学、认知科学、风水、天文、医学、百业等多方面。以鲜活的形式使国学从殿堂走向民间,让现代生活与中华民族元气对接,继承古人智慧为现在人们所用。 |
| ● |
| 相关链接 |
|
|
|
正题名:问道
索取号:Z126.27/Z121:4
 
预约/预借
| 序号 | 登录号 | 条形码 | 馆藏地/架位号 | 状态 | 备注 |
| 1 | 779334 | 207793342 | 自科库501/501自科库 125排1列1层/ [索取号:Z126.27/Z121:4] | 在馆 | |
| 2 | 779335 | 207793351 | 期刊室512/501自科库 125排1列1层/ [索取号:Z126.27/Z121:4] | 在馆 | |
| 3 | 779336 | 207793360 | 自科库501/501自科库 125排1列1层/ [索取号:Z126.27/Z121:4] | 在馆 |